Quizzes
Events
Quiz Creation
Community
Videos
Private Events
Remove Ads
Sign In
Join for FREE
Feedback
Dark Mode
Quiz Categories
Sports
Geography
Music
Movies
Television
Just For Fun
Miscellaneous
History
Literature
Language
Science
Gaming
Entertainment
Religion
Holiday
For Kids
Quiz Lab
Recent
Popular Today
Quiz Kudos Today
Editor Picks
Curator Picks
Quizzes by...
Day
Popularity
Type
Ratings
Length
Year
Community
Subscriptions
Recent Discussions
Orange Saloon
Badges
Playlists
Quests
Create
Leaderboards
Showdown
Live 5
Trivia Bingo
Activity
Puzzle Library
Sporcle Events
Private Events
Virtual Trivia
Globe League
Become a Host
Pub Owners
SporcleCon
Opinionation
Our Games
Videos
Blog
Mobile Apps
Partnerships
Remove Ads and Go Orange
Feedback
Sports
Athletes
MLB
NBA
NHL
NFL
Soccer
Sports Teams
WWE
NCAA
Football
Premier League
Basketball
Baseball
Hockey
Golf
Tennis
Cricket
Rugby
Auto Racing
Olympics
World Cup
Sports
Athletes
MLB
NBA
NHL
NFL
Soccer
Sports Teams
WWE
NCAA
Football
Premier League
Basketball
Baseball
Hockey
Golf
Tennis
Cricket
Rugby
Auto Racing
Olympics
World Cup
Random Quiz
Search Sporcle
×
Quiz Lab
Quiz Lab
Sports
Auto Racing
Type in answers that appear in a list
Type in answers that appear in a list
Classic
Best Score? Go Orange.
NASCAR Drivers 2010 Stats
Can you name the NASCAR Drivers 2010?
By
fuzzy510
10m
50 Questions
823 Plays
823 Plays
823 Plays
Comments
Comments
Give Quiz Kudos
Give Quiz Kudos
-
- Ratings
hide this ad
Replay
Link that replays current quiz
Next Quiz
Link to next quiz in quiz playlist
You Got
0%
They Got
Avg Score
70%
Avg Friend Score
Upgrade to see
Score Distribution
Jump to the score distribution portion of the page
Score
0/50
Timer
10:00
0
Plays Today
#
Driver
% Correct
18
Kyle Busch
95.1%
2
Kurt Busch
95%
24
Jeff Gordon
94.9%
14
Tony Stewart
93.9%
48
Jimmie Johnson
92.5%
5
Mark Martin
92.1%
88
Dale Earnhardt, Jr.
92%
7
Robby Gordon
91.7%
99
Carl Edwards
90.8%
29
Kevin Harvick
89.3%
9
Kasey Kahne
88.6%
11
Denny Hamlin
87.5%
20
Joey Logano
86.6%
42
Juan Pablo Montoya
86.6%
16
Greg Biffle
86%
17
Matt Kenseth
85.2%
56
Martin Truex, Jr.
84.8%
1
Jamie McMurray
83.5%
31
Jeff Burton
83.1%
98
Paul Menard
83%
51
Michael Waltrip
82%
39
Ryan Newman
81.3%
83
Brian Vickers
79.2%
6
David Ragan
78.3%
33
Clint Bowyer
77%
#
Driver
% Correct
00
David Reutimann
74.3%
12
Brad Keselowski
73.5%
82
Scott Speed
73.2%
43
A.J. Allmendinger
71.4%
19
Elliott Sadler
70.3%
71
Bobby Labonte
70.1%
77
Sam Hornish, Jr.
69.7%
78
Regan Smith
67.8%
47
Marcos Ambrose
65%
21
Bill Elliott
60.9%
87
Joe Nemechek
60%
36
Casey Mears
59%
49
David Gilliland
54.9%
37
David Gilliland
53.3%
13
Max Papis
52.8%
34
Travis Kvapil
47%
32
Reed Sorenson
46.5%
66
Dave Blaney
44.5%
55
Michael McDowell
44.2%
38
Kevin Conway
37.8%
26
David Stremme
34.8%
90
Scott Riggs
33%
09
Mike Bliss
32.2%
64
Tony Raines
19.3%
46
Terry Cook
19.1%
Quiz Playlist
Details
Report
Send in Message
Add To Playlist
Classic:
Type in answers that appear in a list
Last Updated: Feb 16, 2017
Quiz Scoreboard
CHALLENGE
Sign Up to Join the Scoreboard
Show All
Scores
Hide
Comments
May contain spoilers
Recently Published
Presidents Visiting Landmarks
by Hejman
History
7m
An Introduction to Baseball
by treessimontrees
Sports
5m
Movies - When Are They Set?
by FPL_Elf
Movies
5m
More to Explore
Quiz From the Vault
Featured Blog Post
Where Did the Easter Bunny Come From?
hide this ad
You Might Also Like...
Tags
Auto Racing Quiz
2010
Driver
NASCAR
Nascar Driver
sponsor
Today's Top Quizzes in Sports
Browse Sports
hide this ad
Today's Top Quizzes in Auto Racing
Browse Auto Racing
Top Contributed Quizzes in Sports
1
Les meilleurs buteurs des matchs entre le PSG et l’OM
2
2022 World Cup Stars
3
FIFA Club World Cup Champions
4
Les entraîneurs de l'OM et du PSG au 21e siècle
5
Name the Premier League winners with different clubs
6
5-to-1: UK Sports Teams
7
La finale Lions - Afrique du Sud 2021
8
Criteria MLB: Left Handed Sluggers
9
AFC Teams Reveal (Wrong Answers Minefield)
10
England Test cricketers to play under Nasser Hussain
Explore More
Trending Topics
Marvel
NBA
Crossword
Disney
Anime
Kpop
Harry Potter
Pokémon
Country
Soccer
WWE
Puzzle
Song
The Office
NFL
hide this ad
More By:
fuzzy510
Quiz
Plays
Rating
Category
Featured
Created
NFL 1500-yard rushers
4,173
4.41
Sports
Sep 29, 2009
World Golf Rankings Top 10
3,119
4.89
Sports
Apr 11, 2010
NCAA Lacrosse Teams
1,328
5.00
Sports
Dec 27, 2009
NCAA FCS (1-AA) Champions
1,207
4.57
Sports
Sep 30, 2009
NASCAR Drivers 2010
823
5.00
Sports
Feb 7, 2010
Go to Creator's Profile
Score Distribution
Quiz Creator Spotlight
fuzzy510
Follow
Send a Message
Quizzes Created
-
Created Quiz Play Count
-
More By This Creator
Popular Quizzes Today
1
Find the US States - No Outlines Minefield
2
Find the Countries of Europe - No Outlines Minefield
3
The Countries of the World
4
Find the US States
5
Popular People in 1961
6
US States
7
Risky Map Clicking: Biggest States A-Z
8
Movies - When Are They Set?
More Sports Quizzes
Top 50: MLB Pitching Wins, Career (by picture)
Quiz Lab
Trending Quizzes
Risky Map Clicking: Least Populous States A-Z
1-10 Letter G Words
1-10 Letter F Words
Risky Map Clicking: Next State Alphabetically
Risky Map Clicking: Biggest States A-Z
Recently Updated
Leaping Animals
pecheneg
Reality TV Shows (A-Z)
bhenderson79
Rickey Henderson's Hall of Fame Teammates
pecheneg
Champions League XIs: Arsenal
pecheneg
Quick Pick: Celebrities in WWE's Hall of Fame
aduchscher
A-Z Keypad Blitz II
pecheneg
Multiple Oscar Actors
pecheneg
Mystery Phrase Blitz: Oscar 'Best Actors'
pecheneg
F. Scott Fitzgerald Novels
LTH
Pick 3 Villains
ddd62291
Trending Topics
Crossword
Anime
Disney
Harry Potter
Kpop
Marvel
NBA
Country
Pokémon
WWE
Song
Puzzle
Soccer
The Office
NFL
Your Account Isn't Verified!
In order to create a playlist on Sporcle, you need to verify the email address you used during registration. Go to your
Sporcle Settings
to finish the process.
Report this User
Report this user for behavior that violates our
Community Guidelines
.
Details:
Send Report
Go to the Sporcle.com Mobile Site →
Comments